Randam lokayudhavum asian - african janathakalude bhagadheyangalum (Record no. 74741)

MARC details
000 -LEADER
fixed length control field 00449nam a2200145Ia 4500
008 - FIXED-LENGTH DATA ELEMENTS--GENERAL INFORMATION
fixed length control field 210323s9999||||xx |||||||||||||| ||und||
040 ## - CATALOGING SOURCE
Transcribing agency STCPL
082 ## - DEWEY DECIMAL CLASSIFICATION NUMBER
Classification number 950.41
Item number YEF-R
100 ## - MAIN ENTRY--PERSONAL NAME
Personal name Yefimov Thedimithry
245 #0 - TITLE STATEMENT
Title Randam lokayudhavum asian - african janathakalude bhagadheyangalum
260 ## - PUBLICATION, DISTRIBUTION, ETC.
Place of publication, distribution, etc. Kumaranallor ,Kottayam
Name of publisher, distributor, etc. Prabhatham Book House
Date of publication, distribution, etc. 1980
300 ## - PHYSICAL DESCRIPTION
Extent 169
650 ## - SUBJECT ADDED ENTRY--TOPICAL TERM
Topical term or geographic name entry element AnatomyWNNER OF THE NOBEL PRIZE IN LITERATURE
942 ## - ADDED ENTRY ELEMENTS (KOHA)
Koha item type Books
Holdings
Withdrawn status Lost status Damaged status Not for loan Home library Current library Shelving location Date acquired Cost, normal purchase price Total Checkouts Full call number Barcode Date last seen Price effective from Koha item type
        ST. THOMAS COLLEGE LIBRARY, PALAI ST. THOMAS COLLEGE LIBRARY, PALAI   2021-07-10 5.50   950.41 YEF-R 496721 2021-07-10 2021-07-10 Books
Rights reserved ©2021 ST. THOMAS COLLEGE LIBRARY
A joint venture of - St. Thomas College Library and
Department of Computer Science, St. Thomas Collge Palai